Eğitim finansmanı (Record no. 20545)

000 -LEADER
fixed length control field 01070nmm a2200325 a 4500
001 - CONTROL NUMBER
control field ocm0002146648
003 - CONTROL NUMBER IDENTIFIER
control field TR-IsHL
005 - DATE AND TIME OF LATEST TRANSACTION
control field 20201028183442.0
008 - FIXED-LENGTH DATA ELEMENTS--GENERAL INFORMATION
fixed length control field 190402s2012 tu tur
007 - PHYSICAL DESCRIPTION FIXED FIELD--GENERAL INFORMATION
fixed length control field cr cn
020 ## - INTERNATIONAL STANDARD BOOK NUMBER
International Standard Book Number 9786054627097
035 ## - SYSTEM CONTROL NUMBER
System control number 2146648
-- (N$T)
050 04 - LIBRARY OF CONGRESS CALL NUMBER
Classification number LC67.T9
Item number T873 2012
090 04 - LOCALLY ASSIGNED LC-TYPE CALL NUMBER (OCLC); LOCAL CALL NUMBER (RLIN)
Classification number (OCLC) (R) ; Classification number, CALL (RLIN) (NR) LC67.T9
Local cutter number (OCLC) ; Book number/undivided call number, CALL (RLIN) T873 2012
100 1# - MAIN ENTRY--PERSONAL NAME
Personal name Tural, Nejla Kurul
245 10 - TITLE STATEMENT
Title Eğitim finansmanı
Medium [electronic resource] /
Statement of responsibility, etc. Nejla Kurul Tural
250 ## - EDITION STATEMENT
Edition statement Genişletilmiş 2. baskı.
260 ## - PUBLICATION, DISTRIBUTION, ETC.
Place of publication, distribution, etc. Ankara :
Name of publisher, distributor, etc. Siyasal Kitabevi,
Date of publication, distribution, etc. 2012
300 ## - PHYSICAL DESCRIPTION
Extent 364 p.
650 #4 - SUBJECT ADDED ENTRY--TOPICAL TERM
Topical term or geographic name entry element Eğitim
650 #4 - SUBJECT ADDED ENTRY--TOPICAL TERM
Topical term or geographic name entry element Education
650 #0 - SUBJECT ADDED ENTRY--TOPICAL TERM
Topical term or geographic name entry element Eğitim
General subdivision Ekonomik açıdan
-- Türkiye
650 #0 - SUBJECT ADDED ENTRY--TOPICAL TERM
Topical term or geographic name entry element Education
General subdivision Economic aspects
-- Turkey
650 #0 - SUBJECT ADDED ENTRY--TOPICAL TERM
Topical term or geographic name entry element Eğitim planlaması
General subdivision Türkiye
650 #0 - SUBJECT ADDED ENTRY--TOPICAL TERM
Topical term or geographic name entry element Educational planning
General subdivision Turkey
650 #0 - SUBJECT ADDED ENTRY--TOPICAL TERM
Topical term or geographic name entry element Eğitim ve devlet
General subdivision Türkiye
650 #0 - SUBJECT ADDED ENTRY--TOPICAL TERM
Topical term or geographic name entry element Education and state
General subdivision Turkey
650 #7 - SUBJECT ADDED ENTRY--TOPICAL TERM
Topical term or geographic name entry element EDUCATION / Finance
Source of heading or term bisacsh
856 40 - ELECTRONIC LOCATION AND ACCESS
Uniform Resource Identifier <a href="http://search.ebscohost.com/login.aspx?direct=true&scope=site&db=e011xww&AN=2146648">http://search.ebscohost.com/login.aspx?direct=true&scope=site&db=e011xww&AN=2146648</a>
Holdings
Withdrawn status Lost status Source of classification or shelving scheme Damaged status Not for loan Collection code Permanent Location Current Location Date acquired Total Checkouts Full call number Barcode Date last seen Price effective from Koha item type
        Online   Kıbrıs Amerikan Üniversitesi Kütüphanesi / American University of Cyprus Kıbrıs Amerikan Üniversitesi Kütüphanesi / American University of Cyprus 28.10.2020   LC67.T9 T873 2012 2146648 28.10.2020 28.10.2020 E-Kitap
Devinim Yazılım Eğitim Danışmanlık tarafından Koha'nın orjinal sürümü uyarlanarak geliştirilip kurulmuştur.